Bà đại sứ

Đã lưu trong:
书目详细资料
主要作者: E. M. Mindeline
格式: 图书
语言:Undetermined
出版: Hà Nội Phụ Nữ 1977
主题:
标签: 添加标签
没有标签, 成为第一个标记此记录!
Thư viện lưu trữ: Trung tâm Học liệu Trường Đại học Cần Thơ
LEADER 00484nam a2200169Ia 4500
001 CTU_32578
008 210402s9999 xx 000 0 und d
082 |a 891.73 
082 |b M663 
100 |a E. M. Mindeline 
245 0 |a Bà đại sứ 
245 0 |c E. M. Mindeline, Bạch Dương, Quế Anh 
260 |a Hà Nội 
260 |b Phụ Nữ 
260 |c 1977 
650 |a russian fiction ( vietnamese ) 
980 |a Trung tâm Học liệu Trường Đại học Cần Thơ